• Calmeyn M.L., Cioli G., Granados C., Maceri F., Mazzocato G., Melina L., Perez-Soba J.J., Sequeri P., Vaccarezza M.S., Wald B.

di Personal Name

Records bibliografici associati: 1

001 - CONTROL NUMBER

  • control field: 59136

003 - CONTROL NUMBER IDENTIFIER

  • control field:

005 - DATE AND TIME OF LATEST TRANSACTION

  • control field: 20220908153020.0

008 - FIXED-LENGTH DATA ELEMENTS

  • fixed length control field: 220908|| aca||aabn | a|a d

040 ## - CATALOGING SOURCE

  • Original cataloging agency:
  • Transcribing agency:

100 ## - HEADING--PERSONAL NAME

  • Personal name: Calmeyn M.L., Cioli G., Granados C., Maceri F., Mazzocato G., Melina L., Perez-Soba J.J., Sequeri P., Vaccarezza M.S., Wald B.

670 ## - SOURCE DATA FOUND

  • Source citation: Work cat.: (): Perez-Soba Juan José, Perez Candelario Tomas (a cura di) 59135, Intelligenza d'amore: una nuova epistemologia morale oltre la dialettica tra norma e caso, 2018
CREDITS: SOCIETA' SAN PAOLO Via A.Severo, 58 - ROMA (RM) & PERIODICI SAN PAOLO SRL Via Giotto, 36 MILANO & CISF Via Giotto, 36 MILANO & EDIZIONI SAN PAOLO SRL,  Piazza Soncino, 5 CINISELLO BALSAMO (MI) -- ITALY